Interakcia medzi hráčom a loptou v 3D simulovanom robotickom futbale

Guardado en:
Detalles Bibliográficos
Autor principal: Paššák, Martin, 1988- (Autor)
Otros Autores: Kapustík, Ivan, 1965- (Orientador)
Formato: Manuscrito Libro
Lenguaje:eslovaco
Publicado: Bratislava : STU v Bratislave FIIT, 2012
Materias:
Acceso en línea:VAIS
Etiquetas: Agregar Etiqueta
Sin Etiquetas, Sea el primero en etiquetar este registro!

MARC

LEADER 00000ntm a22000003a 4500
001 stu249812
005 20150617230201.3
008 120629s2012----xo------------------slo-d
040 |a STU  |b slo 
041 0 |a slo 
044 |a xo 
100 1 |a Paššák, Martin,  |d 1988-  |4 aut  |u I200  |U FIIT Fakulta informatiky a informačných technológií  |T FIIT Ústav informatiky a softvérového inžinierstva  |X 47884  |U I200  |Y 179  |7 A000047884 
242 0 0 |a Interaction between player and the ball in 3D simulated robotic soccer  |y eng 
245 1 |a Interakcia medzi hráčom a loptou v 3D simulovanom robotickom futbale 
260 |a Bratislava :  |b STU v Bratislave FIIT,  |c 2012 
300 |a 62 s  |c príl. 
650 7 |a softvérové inžinierstvo  |2 stusub 
650 7 |a Software Engineering  |2 estusub 
700 1 |a Kapustík, Ivan,  |d 1965-  |4 ths  |u I200  |U FIIT Fakulta informatiky a informačných technológií  |T FIIT Ústav informatiky a softvérového inžinierstva  |X 111  |U I200  |Y 179  |7 111 
856 4 |a info a plný text  |u http://is.stuba.sk/zp/portal_zp.pl?podrobnosti=81367  |3 VAIS 
996 |b IDP110/12  |c I*DP110/12  |l II680  |s P  |a 0  |w stu249812_0001